000 00781nam a2200241Ia 4500
003 OSt
005 20220926022423.0
006 a|||||r|||| 00| 0
007 ta
008 220923b |||||||| |||| 00| 0 eng d
037 _cGeneral Book
040 _aRTL
_cRTL
_beng
041 _2eng
_aeng
082 _aX9(D3).89C.1-1.N6, K6/UN
110 _aUNITED NATIONS ECONOMIC AND SOCIAL AFFAIRS (Deptt. of)
245 0 _aModular co-ordination in building
_b Asia, Europe a
260 _aNew York
_bUnited Nations U. S. A.
_c1966
300 _av, 67p.
_ccm.
650 _aHousing Industry
_9231829
700 _aUNITED NATIONS ECONOMIC AND SOCIAL AFFAIRS (Deptt. of)
942 _hX9(D3).89C.1-1.N6, K6/UN
_cGB
_2CC
999 _c639428
_d639428